| 000 | 00609nam a2200181Ia 4500 | ||
|---|---|---|---|
| 003 | GCL | ||
| 008 | 140319s9999 xx 000 0 ara d | ||
| 040 |
_aGCL / _cGCL |
||
| 082 | 0 | 4 |
_a327.12 _bم ع |
| 100 | 1 | _aمحمد نورالدين شحادة | |
| 245 | 1 | 0 |
_aالعملاء كما يصورهم القران الكريم / _cمحمد نورالدين شحادة |
| 260 |
_aالاردن : _bمكتبة الرائد العلمية ، _c2005 |
||
| 300 |
_a237 ص ؛ _c24 سم |
||
| 650 | 0 | 4 | _aالتخريب والتدمير |
| 650 | 0 | 4 | _aالجاسوسية |
| 650 | 0 | 4 | _aالخيانة |
| 942 |
_2ddc _cBK |
||
| 999 |
_c10016 _d10016 |
||